000 00485nam a2200145Ia 4500
008 090124s9999 xx 000 0 und d
082 _b205092
245 _a 1000पर्यावरण प्रश्नोतरी
250 _a1
260 _bसाळवी दिलिप एम.
_c1999
300 _a192
630 _a 1000पर्यावरण प्रश्नोतरी
730 _a 1000पर्यावरण प्रश्नोतरी
942 _cBOOK
999 _c186673
_d186673